|
|
|
|
| LEADER |
00871nas a22002172a 4500 |
| 001 |
000428957 |
| 003 |
CZ BrMZK |
| 005 |
19990305143423.0 |
| 008 |
990305d19691970xr cze d |
| 040 |
|
|
|a BOA001
|b cze
|
| 245 |
0 |
0 |
|a Věstník pošt a telekomunikací
|
| 260 |
|
|
|a Praha :
|b Nakladatelství dopravy a spojů,
|c 1969-1970
|
| 300 |
|
|
|a ^^^sv. ;
|c 30 cm
|
| 310 |
|
|
|a 1× za 14 dní
|
| 780 |
0 |
0 |
|t Věstník Ústřední správy spojů
|
| 785 |
0 |
0 |
|t Věstník federálního ministerstva spojů
|
| 710 |
1 |
|
|a Česko.
|b Ministerstvo dopravy a spojů
|7 ko20010091980
|
| 910 |
|
|
|a BOA001
|b 02905-0314.477
|r 1969-1970
|
| 990 |
|
|
|a SE
|
| 996 |
6 |
|
|b 000428957000010
|c 02905-0314.477
|d 1969
|y 1969
|l MZK
|r DEP / do 15 dnů
|n 0
|w 000428957
|u 000010
|a 240
|e BOA001
|j MZK50
|s P
|
| 996 |
6 |
|
|b 2619735469
|c 02905-0314.477
|d 1970
|v 1970
|y 1970
|l MZK
|r DEP / do 15 dnů
|n 1
|w 000428957
|u 000020
|a 240
|e BOA001
|j MZK50
|s P
|